LIBRARY & INFORMATION CENTRE, KCAET, TAVANUR

ONLINE PUBLIC ACCESS CATALOGUE (OPAC)

Text book of animal husbandry / (Record no. 3506)

MARC details
000 -LEADER
fixed length control field 00421cam a2200157ua 4500
041 ## - LANGUAGE CODE
Language code of text/sound track or separate title eng
082 ## - DEWEY DECIMAL CLASSIFICATION NUMBER
Classification number 636
Item number SRI/TE
100 ## - MAIN ENTRY--AUTHOR NAME
Personal name Srivastava, J S .
245 ## - TITLE STATEMENT
Title Text book of animal husbandry /
260 ## - PUBLICATION, DISTRIBUTION, ETC. (IMPRINT)
Place of publication New Delhi :
Name of publisher Indian Council for Agricultural Research ,
Year of publication 1960.
300 ## - PHYSICAL DESCRIPTION
Number of Pages 198 ; .
700 1# - ADDED ENTRY--PERSONAL NAME
Personal name Khera, R C .
942 ## - ADDED ENTRY ELEMENTS (KOHA)
Koha item type Books
Holdings
Withdrawn status Lost status Damaged status Home library Current library Date acquired Cost, normal purchase price Full call number Accession Number Koha item type
Withdrawn     KAUAET KAUAET 07/04/2012 7.50 636 7837 Books
free website counter